LEADER 01332nam a2200325 a 4500 001 000000121231 003 CaOOAMICUS 005 20100415130439.0 008 100415t2010 it u000 u ita r 020 $a978-88-8272-486-3 040 $aPUL$bita$dReb 041 1 $aita$heng 082 04$a201 100 1 $aDougherty, Jude P.$0(OLS)http://pul/name/44608 240 10$aLogic of religion$lItaliano.$0(OLS)http://pul/title/152468 245 13$aLa logica della religione /$cJude P. Dougherty ; a cura di Alberto Strumia. 260 $aSiena :$bCantagalli,$c©2010. 300 $a211 p. ;$c21 cm. 490 1 $aCristianesimo e cultura ;$v10 504 $aBibliografia p. 205-211. 650 4$aFilosofia e religione.$0(OLS)http://pul/subject/2646 700 1 $aStrumģa, Alberto.$0(OLS)http://pul/name/43235 830 0$aCristianesimo e cultura ;$v10.$0(OLS)http://pul/title/116374 850 $aPUL 852 $aPUL$W1$xSL Religione 3$y85$m201 DOUJE 1$j139009$qDDC 21$B138247$CPULBib$Z2$F138247 $H113329 $82 941 1 $a9 996 $6020$a978-88-8272-486-3$9(OLS)http://pul/number/143869 996 $6082$a201$9(OLS)http://pul/classification/431 996 $6245$aLa logica della religione$9(OLS)http://pul/title/152469 996 $6260$aSiena :$bCantagalli$9(OLS)http://pul/publisher/48759 LEADER 01375nam a2200289 u 4500 001 000000116345 003 CaOOAMICUS 005 20230619134958.0 008 090623s2006 it u000 u ita r 020 $a88-89736-12-7 032 $aLibriCat 040 $aPUL$bita$dLDB 110 1 $aSanta sede.$kLeggi, statuti, ecc.$0(OLS)http://pul/name/72262 245 10$aCodice di norme vaticane :$bordinamento giuridico dello Stato della Cittą del Vaticano /$cJuan Ignacio Arrieta ; presentazione card. Angelo Sodano. 260 $aVenezia :$bMarcianum Press,$cc2006. 300 $a686 p. ;$c18 cm. 500 $aInclude indici. 610 14$aSanta Sede$xAmministrazione.$0(OLS)http://pul/subject/21523 700 1 $aSodano, Angelo,$ccardinale,$d1927-2022.$0(OLS)http://pul/name/8634 700 1 $aArrieta, Juan Ignacio,$cvescovo di Civitate,$d1951-$0(OLS)http://pul/name/26586 850 $aPUL 852 $aPUL$W1$xSL Diritto Canonico 3$y77$m262. 9 CNVAT 1$j200120$qDDC 21$B132367$CPULBib$Z2$F132367 $H110363 $82 941 1 $a9 996 $6020$a88-89736-12-7$9(OLS)http://pul/number/141242 996 $6245$aCodice di norme vaticane :$bordinamento giuridico dello Stato della Cittą del Vaticano$9(OLS)http://pul/title/146208 996 $6260$aVenezia :$bMarcianum Press$9(OLS)http://pul/publisher/79046